[Event "Berlin Werner Ott op"]
[Site "Berlin"]
[Date "2024.07.21"]
[Round "2"]
[White "Matthes, Benjamin"]
[Black "Foerster, Jonas"]
[Result "0-1"]
[WhiteElo "1965"]
[BlackElo "2266"]
[PlyCount "72"]
[EventDate "2024.07.20"]
[EventType "swiss"]
[EventRounds "9"]
[EventCountry "GER"]
[SourceTitle "CBM 221 Extra"]
[Source "ChessBase"]
[SourceDate "2024.09.30"]
[SourceVersion "1"]
[SourceVersionDate "2024.09.30"]
[SourceQuality "1"]

1. e4 c6 2. Nc3 d5 3. Nf3 dxe4 4. Nxe4 Nf6 5. Qe2 Nxe4 6. Qxe4 Nd7 7. Bc4 Nf6 8. Ne5 e6 9. Qe2 b5 10. Bd3 Qc7 11. a4 b4 12. Nxc6 a6 13. Nd4 Bb7 14. b3 Bxg2 15. Nxe6 fxe6 16. Rg1 Qxh2 17. Qxe6+ Be7 18. Rxg2 Qxg2 19. Bxa6 Rxa6 20. Qxa6 Qh1+ 21. Qf1 Qe4+ 22. Kd1 0-0 23. Qc4+ Rf7 24. Qxe4 Nxe4 25. a5 Rxf2 26. a6 Bc5 27. a7 Bxa7 28. Rxa7 Rf1+ 29. Ke2 Ng3+ 30. Kd3 Rxc1 31. Rb7 Rf1 32. c4 bxc3 33. dxc3 Rf3+ 34. Kc2 h5 35. c4 h4 36. c5 Ne4 0-1

[Event "GER-ch U25 op-A"]
[Site "Willingen"]
[Date "2024.05.25"]
[Round "9"]
[White "Matthes, Benjamin"]
[Black "Dietlmeier, Tobias"]
[Result "1/2-1/2"]
[WhiteElo "1963"]
[BlackElo "1936"]
[PlyCount "101"]
[EventDate "2024.05.19"]
[EventType "swiss"]
[EventRounds "9"]
[EventCountry "GER"]
[SourceTitle "EXT 2025"]
[Source "ChessBase"]
[SourceDate "2024.10.14"]
[SourceVersion "1"]
[SourceVersionDate "2024.10.14"]
[SourceQuality "1"]

1. e4 e5 2. Nf3 Nc6 3. Bc4 Be7 4. d4 d6 5. h3 Nf6 6. Nc3 0-0 7. Be3 exd4 8. Nxd4 Nxd4 9. Qxd4 Be6 10. 0-0-0 Nd7 11. Nd5 Bf6 12. Qd2 Bxd5 13. Bxd5 Nb6 14. g4 g6 15. g5 Bg7 16. h4 Qe7 17. c3 c6 18. Bb3 Qxe4 19. Qxd6 Nc4 20. Qd3 Qxd3 21. Rxd3 Ne5 22. Rd2 a5 23. Bc5 a4 24. Bc2 Rfe8 25. f4 Nc4 26. Rd7 b5 27. h5 a3 28. b3 Ne3 29. hxg6 hxg6 30. Bxe3 Rxe3 31. f5 gxf5 32. Bxf5 Rae8 33. Bh7+ Kf8 34. g6 Rxc3+ 35. Kd2 Rf3 36. gxf7 Rf2+ 37. Kd1 Re7 38. Rd8+ Kxf7 39. Bg8+ Kg6 40. Rd6+ Kf5 41. Bh7+ Kf4 42. Rd2 Rxd2+ 43. Kxd2 Rd7+ 44. Bd3 Bd4 45. Rh6 Rg7 46. Rg6 Rxg6 47. Bxg6 Ke5 48. Be8 Kd5 49. Kc2 Kc5 50. Bd7 Kb6 51. b4 1/2-1/2

[Event "GER-ch U25-A"]
[Site "Willingen"]
[Date "2023.05.29"]
[Round "3"]
[White "Held, Momme Fredrik"]
[Black "Matthes, Benjamin"]
[Result "1-0"]
[WhiteElo "1914"]
[BlackElo "1816"]
[PlyCount "155"]
[EventDate "2023.05.27"]
[EventType "swiss"]
[EventRounds "9"]
[EventCountry "GER"]
[SourceTitle "CBM 214 Extra"]
[Source "ChessBase"]
[SourceDate "2023.07.31"]
[SourceVersion "1"]
[SourceVersionDate "2023.07.31"]
[SourceQuality "1"]

1. c4 b6 2. Nc3 Bb7 3. e4 e5 4. g3 Nc6 5. Bg2 Bc5 6. Nge2 Nge7 7. 0-0 0-0 8. Kh1 f5 9. d3 Nd4 10. Rb1 a5 11. f4 d6 12. Nxd4 Bxd4 13. fxe5 dxe5 14. Bg5 Bxc3 15. bxc3 fxe4 16. Rxf8+ Qxf8 17. c5 h6 18. Bxe7 Qxe7 19. cxb6 cxb6 20. Rxb6 Rd8 21. Qb3+ Bd5 22. c4 Ba8 23. dxe4 Qg5 24. Qb1 Qg4 25. Rb8 Rxb8 26. Qxb8+ Kh7 27. h3 Qd1+ 28. Kh2 Bc6 29. Qxe5 Qa4 30. c5 Bd7 31. Qb2 Qc4 32. Qd2 Bc6 33. Qxa5 Bxe4 34. Bxe4+ Qxe4 35. Qd2 Qc4 36. Qf2 Qe4 37. Qg2 Qe7 38. Qc2+ Kh8 39. c6 Qc7 40. a4 h5 41. h4 g5 42. Qc3+ Kh7 43. Qd3+ Kh6 44. Qe3 Qxc6 45. Qxg5+ Kh7 46. Qxh5+ Kg7 47. Qg5+ Kh7 48. Qf4 Qc2+ 49. Kh3 Qc8+ 50. Kg2 Qc2+ 51. Kf3 Qd1+ 52. Ke3 Qb3+ 53. Ke2 Qc2+ 54. Kf1 Qd1+ 55. Kg2 Qd5+ 56. Kh2 Qa2+ 57. Kh3 Qe6+ 58. g4 Qb3+ 59. Qg3 Qxa4 60. h5 Qc6 61. Qd3+ Kg7 62. Qd4+ Kh7 63. Kh4 Qh1+ 64. Kg5 Qc1+ 65. Qf4 Qg1 66. h6 Qa7 67. Qf5+ Kh8 68. Kh5 Qf7+ 69. Kg5 Qa7 70. Qf8+ Kh7 71. Kh5 Qa1 72. Qg7+ Qxg7 73. hxg7 Kxg7 74. Kg5 Kf7 75. Kh6 Kg8 76. g5 Kh8 77. g6 Kg8 78. g7 1-0

[Event "GER-ch U25-A"]
[Site "Willingen"]
[Date "2023.05.28"]
[Round "2"]
[White "Matthes, Benjamin"]
[Black "Nguyen, Phuc Nhat"]
[Result "1/2-1/2"]
[WhiteElo "1816"]
[BlackElo "1929"]
[PlyCount "96"]
[EventDate "2023.05.27"]
[EventType "swiss"]
[EventRounds "9"]
[EventCountry "GER"]
[SourceTitle "CBM 214 Extra"]
[Source "ChessBase"]
[SourceDate "2023.07.31"]
[SourceVersion "1"]
[SourceVersionDate "2023.07.31"]
[SourceQuality "1"]

1. e4 e5 2. Nf3 Nf6 3. Nxe5 Nc6 4. Nxc6 dxc6 5. Nc3 Bc5 6. Be2 h5 7. h3 Qd4 8. Rf1 Nxe4 9. Nxe4 Qxe4 10. Rg1 Bf5 11. d3 Qe6 12. Bf4 0-0-0 13. Qd2 Rhe8 14. Be3 Bxe3 15. fxe3 Qxe3 16. Qxe3 Rxe3 17. Kd2 Re5 18. Rae1 g6 19. Bg4 Rdd5 20. Bf3 Rxe1 21. Rxe1 Rd6 22. g4 hxg4 23. hxg4 Be6 24. g5 b5 25. a3 Kb7 26. Kc3 Kb6 27. Re5 c5 28. b3 a5 29. a4 c6 30. Kb2 Rd4 31. Be4 Rd8 32. Bxg6 Bxb3 33. Kxb3 fxg6 34. axb5 cxb5 35. Re6+ Kc7 36. Rxg6 a4+ 37. Ka3 Rd4 38. Rf6 Rg4 39. g6 Rg3 40. Kb2 Rg2 41. Ra6 Kb7 42. Rf6 b4 43. Rf7+ Kb6 44. g7 b3 45. g8Q Rxg8 46. cxb3 Rg2+ 47. Ka3 axb3 48. Kxb3 Kb5 1/2-1/2

[Event "GER-ch U25-A"]
[Site "Willingen"]
[Date "2023.05.28"]
[Round "1"]
[White "Winkler, Yonathan"]
[Black "Matthes, Benjamin"]
[Result "1-0"]
[WhiteElo "2007"]
[BlackElo "1816"]
[PlyCount "69"]
[EventDate "2023.05.27"]
[EventType "swiss"]
[EventRounds "9"]
[EventCountry "GER"]
[SourceTitle "CBM 214 Extra"]
[Source "ChessBase"]
[SourceDate "2023.07.31"]
[SourceVersion "1"]
[SourceVersionDate "2023.07.31"]
[SourceQuality "1"]

1. e4 c5 2. Nf3 Nc6 3. d4 cxd4 4. Nxd4 Nf6 5. Nc3 e5 6. Ndb5 d6 7. Bg5 a6 8. Na3 b5 9. Nd5 Be7 10. Bxf6 Bxf6 11. c4 b4 12. Nc2 0-0 13. h4 Be6 14. g3 a5 15. Bg2 Bxd5 16. Qxd5 Qb6 17. Qd3 b3 18. axb3 Nb4 19. Nxb4 Qxb4+ 20. Qc3 Qxc3+ 21. bxc3 Rfb8 22. Rb1 a4 23. b4 a3 24. Kd2 a2 25. Ra1 Rc8 26. Bf1 Ra3 27. Kc2 h6 28. Kb2 Rca8 29. Bd3 g5 30. hxg5 Bxg5 31. Bc2 Bd2 32. Bb3 R3a7 33. Rhd1 Bg5 34. Rxd6 Ra3 35. Rxa2 1-0

[Event "GER-ch Youth-A"]
[Site "Willingen"]
[Date "2022.06.07"]
[Round "4"]
[White "Matthes, Benjamin"]
[Black "Schulz, Jannis"]
[Result "0-1"]
[WhiteElo "1851"]
[BlackElo "1810"]
[PlyCount "166"]
[EventDate "2022.06.04"]
[EventType "swiss"]
[EventRounds "9"]
[EventCountry "GER"]
[SourceTitle "CBM 208 Extra"]
[Source "ChessBase"]
[SourceDate "2022.07.31"]
[SourceVersion "1"]
[SourceVersionDate "2022.07.31"]
[SourceQuality "1"]

1. e4 d5 2. exd5 Qxd5 3. Nf3 Bg4 4. Be2 Nf6 5. d4 e6 6. c4 Qa5+ 7. Nc3 Ne4 8. 0-0 Nxc3 9. bxc3 Nd7 10. Qb3 b6 11. a3 Bf5 12. a4 Bd6 13. Ba3 c5 14. Rfe1 0-0 15. Qb5 Qxb5 16. axb5 a5 17. Nd2 Rac8 18. Bf3 Nb8 19. Ne4 Bxe4 20. Bxe4 Rfd8 21. d5 e5 22. Bc1 Rf8 23. g4 Rce8 24. Ra2 h6 25. h4 Re7 26. Rae2 Ra7 27. f3 Nd7 28. g5 hxg5 29. hxg5 g6 30. Rh2 Kg7 31. Kf2 Rh8 32. Rxh8 Kxh8 33. Be3 Ra8 34. Bc2 Kg7 35. Kg3 Re8 36. Rh1 Rh8 37. Rxh8 Kxh8 38. f4 Kg7 39. f5 gxf5 40. Bxf5 Nf8 41. Bc2 Ng6 42. Kg4 Ne7 43. Bf2 Bc7 44. Bg3 Nc8 45. Kf3 f6 46. gxf6+ Kxf6 47. Bh4+ Kf7 48. Bg3 Ke7 49. Bh4+ Kf7 50. Bg3 Bb8 51. Bh4 Nd6 52. Bb3 a4 53. Bxa4 e4+ 54. Ke2 Nxc4 55. Bd8 Ke8 56. Bb3 Na5 57. Bxb6 Nxb3 58. Ke3 c4 59. Kxe4 Ke7 60. Be3 Bc7 61. Bf2 Ba5 62. Be1 Kd6 63. Bg3+ Kc5 64. d6 Kxb5 65. Kd5 Nc5 66. Be5 Nd7 67. Bd4 Bd8 68. Ke6 Kc6 69. Ba7 Bf6 70. Be3 Bxc3 71. Bc1 Bd4 72. Bd2 Bc5 73. Bc3 Bxd6 74. Kf5 Be5 75. Bd2 Kd5 76. Bb4 Bb2 77. Kf4 Kd4 78. Bd2 Kd3 79. Bb4 Nb6 80. Kf3 Nd5 81. Be1 Bc1 82. Bg3 c3 83. Kf2 Be3+ 0-1

[Event "GER-ch Net blitz qual4"]
[Site "Playchess.com INT"]
[Date "2021.05.10"]
[Round "6"]
[White "Happe, Reinhold"]
[Black "Matthes, Benjamin"]
[Result "1-0"]
[WhiteElo "1941"]
[BlackElo "1734"]
[PlyCount "69"]
[EventDate "2021.05.10"]
[EventType "swiss (blitz)"]
[EventRounds "11"]
[EventCountry "GER"]
[SourceTitle "CBM 202 Extra"]
[Source "ChessBase"]
[SourceDate "2021.07.31"]
[SourceVersion "1"]
[SourceVersionDate "2021.07.31"]
[SourceQuality "1"]

1. c4 e6 2. Nc3 d5 3. d4 c5 4. cxd5 exd5 5. Nf3 Nc6 6. Bf4 a6 7. e3 Nf6 8. dxc5 Bxc5 9. Rc1 Bd6 10. Bxd6 Qxd6 11. Be2 0-0 12. 0-0 h6 13. Nd4 Nxd4 14. Qxd4 Be6 15. Rfd1 Rfd8 16. h3 Qe7 17. Na4 Rac8 18. Nb6 Rxc1 19. Rxc1 Qd6 20. a3 Ne4 21. b4 Ng5 22. Na4 Bxh3 23. gxh3 Nxh3+ 24. Kg2 Ng5 25. Nc5 Qg6 26. Kf1 Nh3 27. Ke1 Qg1+ 28. Kd2 Qxf2 29. Rf1 Qg3 30. Rf3 Qg5 31. Rxh3 Qf5 32. Rg3 g6 33. Rf3 Qg5 34. Qf6 Qg1 35. Qxd8+ 1-0

[Event "GER-ch Net blitz qual4"]
[Site "Playchess.com INT"]
[Date "2021.05.10"]
[Round "8"]
[White "Matthes, Benjamin"]
[Black "Otte, Burkhard"]
[Result "0-1"]
[WhiteElo "1734"]
[BlackElo "1612"]
[PlyCount "94"]
[EventDate "2021.05.10"]
[EventType "swiss (blitz)"]
[EventRounds "11"]
[EventCountry "GER"]
[SourceTitle "CBM 202 Extra"]
[Source "ChessBase"]
[SourceDate "2021.07.31"]
[SourceVersion "1"]
[SourceVersionDate "2021.07.31"]
[SourceQuality "1"]

1. e4 c5 2. Nf3 Nc6 3. d4 cxd4 4. Nxd4 e6 5. Nxc6 bxc6 6. Bd3 d5 7. exd5 cxd5 8. 0-0 Nf6 9. Nc3 Be7 10. Re1 0-0 11. Bg5 Rb8 12. b3 Qc7 13. g3 Qxc3 14. Bxf6 Bxf6 15. Qf3 Bb7 16. Rad1 d4 17. Qh5 g6 18. Qh6 Bg7 19. Qf4 e5 20. Qh4 f5 21. Bc4+ Kh8 22. Qe7 Qf3 23. Kf1 Qg2+ 24. Ke2 Bf3+ 25. Kd2 Bxd1 26. Rxd1 Qxf2+ 27. Kc1 Qf3 28. h4 Qxg3 29. h5 Bf6 30. Qxa7 Ra8 31. Qc5 g5 32. h6 g4 33. Bd3 Qf4+ 34. Kb1 e4 35. Rf1 Qe5 36. Qc4 exd3 37. Qxd3 Bg5 38. Rh1 Qe3 39. Qb5 Rfc8 40. Qb7 Qe7 41. Qd5 Bf6 42. Qxf5 Rf8 43. Qxg4 Qa3 44. Qe2 d3 45. cxd3 Rfc8 46. d4 Qd6 47. Qd3 Qxd4 0-1

[Event "GER-ch Net blitz qual4"]
[Site "Playchess.com INT"]
[Date "2021.05.10"]
[Round "1"]
[White "Seidentopf, Daniel"]
[Black "Matthes, Benjamin"]
[Result "1-0"]
[WhiteElo "2104"]
[BlackElo "1734"]
[PlyCount "83"]
[EventDate "2021.05.10"]
[EventType "swiss (blitz)"]
[EventRounds "11"]
[EventCountry "GER"]
[SourceTitle "CBM 202 Extra"]
[Source "ChessBase"]
[SourceDate "2021.07.31"]
[SourceVersion "1"]
[SourceVersionDate "2021.07.31"]
[SourceQuality "1"]

1. d4 d5 2. c4 e6 3. Nc3 c5 4. cxd5 exd5 5. Nf3 Nc6 6. dxc5 d4 7. Ne4 Qd5 8. Nd6+ Bxd6 9. cxd6 Qxd6 10. e3 Bg4 11. Be2 Rd8 12. Nxd4 Bxe2 13. Qxe2 Nxd4 14. exd4+ Ne7 15. 0-0 0-0 16. Rd1 Nf5 17. Be3 Rfe8 18. Qf3 Nxe3 19. fxe3 Qe7 20. Re1 b6 21. Rad1 Qb4 22. Re2 Qa4 23. b3 Qa6 24. e4 Qb5 25. d5 Qc5+ 26. Qe3 Qd6 27. e5 Qg6 28. Qd3 Qg4 29. Qe4 Qh5 30. Rd3 Kh8 31. Rh3 Qg6 32. Qxg6 fxg6 33. Rd3 Rd7 34. Re4 Ree7 35. d6 Re6 36. Rc3 Kg8 37. Kf2 Kf7 38. Ke3 g5 39. Kd4 g6 40. Kd5 h6 41. Rf3+ Ke8 42. Kxe6 1-0

[Event "GER-ch Net blitz qual4"]
[Site "Playchess.com INT"]
[Date "2021.05.10"]
[Round "2"]
[White "Wagner, Jochen"]
[Black "Matthes, Benjamin"]
[Result "1-0"]
[WhiteElo "1431"]
[BlackElo "1734"]
[PlyCount "167"]
[EventDate "2021.05.10"]
[EventType "swiss (blitz)"]
[EventRounds "11"]
[EventCountry "GER"]
[SourceTitle "CBM 202 Extra"]
[Source "ChessBase"]
[SourceDate "2021.07.31"]
[SourceVersion "1"]
[SourceVersionDate "2021.07.31"]
[SourceQuality "1"]

1. d4 d5 2. Bf4 Bf5 3. e3 c5 4. c3 Qb6 5. Qb3 c4 6. Qxb6 axb6 7. Na3 e5 8. Bxe5 f6 9. Bg3 Bxa3 10. bxa3 Rxa3 11. Bxb8 Ne7 12. Bd6 Rxc3 13. Ne2 Rc2 14. Ng3 Bg6 15. Be2 Nf5 16. Nxf5 Bxf5 17. Bf3 Bd3 18. a3 Kd7 19. Bb4 Ke6 20. Rd1 Rc8 21. Rd2 Rc1+ 22. Rd1 Rc2 23. Bg4+ f5 24. Bf3 c3 25. g4 Rb2 26. Rxd3 c2 27. gxf5+ Kxf5 28. Bd2 Rb1+ 29. Ke2 Rxh1 30. Bxh1 c1Q 31. Bxc1 Rxc1 32. Rb3 Rxh1 33. Rxb6 Rxh2 34. Rxb7 g6 35. Rf7+ Ke6 36. Ra7 g5 37. Ra6+ Kd7 38. a4 g4 39. Kf1 Rh1+ 40. Kg2 Rh3 41. Ra5 Kc6 42. Rc5+ Kd6 43. a5 Rh6 44. a6 Kd7 45. Ra5 Kc6 46. a7 Kb6 47. Rxd5 Kxa7 48. Rg5 Rh4 49. Kg3 Rh3+ 50. Kxg4 Rh2 51. Kg3 Rh1 52. Rg7+ Ka6 53. Rf7 Kb6 54. Kg2 Rh6 55. Rf3 Kc6 56. Rh3 Rg6+ 57. Kf1 Kd5 58. Rxh7 Ke4 59. Rh4+ Kf3 60. Rh3+ Ke4 61. Rg3 Ra6 62. Rg4+ Kf3 63. Rg3+ Ke4 64. Kg2 Ra5 65. Rg4+ Kf5 66. Rf4+ Kg5 67. Re4 Ra4 68. Re5+ Kf6 69. f4 Ra3 70. Kf3 Rb3 71. d5 Rb5 72. Re6+ Kf7 73. e4 Rb3+ 74. Kg4 Rb4 75. f5 Rb1 76. Kf4 Rf1+ 77. Ke5 Re1 78. d6 Rd1 79. Re7+ Kf8 80. Ke6 Re1 81. e5 Rf1 82. f6 Re1 83. d7 Rd1 84. Re8# 1-0

[Event "GER-ch Net blitz qual3"]
[Site "Playchess.com INT"]
[Date "2021.05.07"]
[Round "8"]
[White "Matthes, Benjamin"]
[Black "Schwierskott, Marc"]
[Result "1-0"]
[WhiteElo "1731"]
[BlackElo "1999"]
[PlyCount "79"]
[EventDate "2021.05.07"]
[EventType "swiss (blitz)"]
[EventRounds "11"]
[EventCountry "GER"]
[SourceTitle "CBM 202 Extra"]
[Source "ChessBase"]
[SourceDate "2021.07.31"]
[SourceVersion "1"]
[SourceVersionDate "2021.07.31"]
[SourceQuality "1"]

1. e4 d6 2. d4 Nf6 3. Nc3 g6 4. f3 c6 5. Be3 Nbd7 6. Qd2 b5 7. a3 a6 8. Nge2 Qc7 9. g3 Bb7 10. Bg2 Bg7 11. h4 h5 12. Rd1 e5 13. Kf2 0-0 14. Bg5 Rfe8 15. Rhe1 d5 16. exd5 cxd5 17. dxe5 Nxe5 18. Bxf6 Bxf6 19. Nxd5 Bxd5 20. Qxd5 Qxc2 21. Rd2 Qc4 22. Nf4 Rad8 23. Qxc4 Rxd2+ 24. Qe2 Nd3+ 25. Nxd3 Rexe2+ 26. Rxe2 Rxd3 27. Rc2 Rb3 28. Rc6 Rxb2+ 29. Kf1 a5 30. Rxf6 Rb3 31. Rb6 b4 32. axb4 axb4 33. Kf2 Rb1 34. f4 b3 35. Be4 Rb2+ 36. Kf3 f5 37. Bd5+ Kg7 38. Rxb3 Rc2 39. Rb7+ Kf6 40. Rf7# 1-0

[Event "GER-ch Net blitz qual2"]
[Site "Playchess.com INT"]
[Date "2021.05.04"]
[Round "3"]
[White "Wiedemann, Jan"]
[Black "Matthes, Benjamin"]
[Result "0-1"]
[WhiteElo "1355"]
[BlackElo "1620"]
[PlyCount "72"]
[EventDate "2021.05.04"]
[EventType "swiss (blitz)"]
[EventRounds "11"]
[EventCountry "GER"]
[SourceTitle "CBM 202 Extra"]
[Source "ChessBase"]
[SourceDate "2021.07.31"]
[SourceVersion "1"]
[SourceVersionDate "2021.07.31"]
[SourceQuality "1"]

1. d4 d5 2. Nf3 e6 3. Bf4 c5 4. e3 Nc6 5. c3 Nf6 6. Bd3 Qb6 7. Qe2 Be7 8. 0-0 c4 9. Bxc4 dxc4 10. Qxc4 0-0 11. Nbd2 Na5 12. Qd3 Bd7 13. e4 Rac8 14. Ne5 Qxb2 15. Nxd7 Nxd7 16. e5 Qxc3 17. Qb5 Nb6 18. Nf3 Nd5 19. Rfc1 Qb4 20. Qxb4 Bxb4 21. Bd2 Nc4 22. Bxb4 Nxb4 23. Rab1 a5 24. a3 Nxa3 25. Rxc8 Rxc8 26. Rd1 Rc3 27. h3 Rd3 28. Rc1 h6 29. Rc7 Nb5 30. Rxb7 Nxd4 31. Nxd4 Rxd4 32. Ra7 Rd5 33. Kh2 Rxe5 34. f4 Rd5 35. Kg3 Nc6 36. Kf2 Nxa7 0-1

[Event "DSOL 04 Liga Gr-A 1st"]
[Site "Playchess.com INT"]
[Date "2020.07.10"]
[Round "3.1"]
[White "Matthes, Benjamin"]
[Black "Gypser, Andreas"]
[Result "0-1"]
[WhiteElo "1867"]
[BlackElo "2164"]
[PlyCount "82"]
[EventDate "2020.06.22"]
[EventType "team-tourn (rapid)"]
[EventCountry "GER"]
[SourceTitle "EXT 2021"]
[Source "ChessBase"]
[SourceDate "2020.10.23"]
[SourceVersion "1"]
[SourceVersionDate "2020.10.23"]
[SourceQuality "1"]
[WhiteTeam "Falkensee Caissa"]
[BlackTeam "Ludwigshafen II"]
[WhiteTeamCountry "GER"]
[BlackTeamCountry "GER"]

1. e4 e5 2. Nf3 Nc6 3. d4 exd4 4. Nxd4 Nf6 5. Nxc6 bxc6 6. e5 Qe7 7. Qe2 Nd5 8. c4 Ba6 9. b3 g6 10. f4 f6 11. exf6 Nxf6 12. Bb2 Qxe2+ 13. Bxe2 Bb4+ 14. Bc3 Bxc3+ 15. Nxc3 0-0-0 16. 0-0-0 Rhe8 17. Rhe1 d6 18. Bf3 Bb7 19. Ne4 Nxe4 20. Bxe4 c5 21. Bxb7+ Kxb7 22. Kd2 c6 23. Kc3 Kc7 24. g4 Kd7 25. Rxe8 Rxe8 26. Rd2 Re4 27. Rf2 Ke6 28. Kd3 d5 29. Re2 Rxe2 30. Kxe2 Kf6 31. Kd3 a5 32. a3 Ke6 33. Kc3 h5 34. h3 hxg4 35. hxg4 d4+ 36. Kd3 Kf6 37. b4 cxb4 38. axb4 axb4 39. c5 b3 40. Kd2 Ke6 41. Kc1 d3 0-1

[Event "GER-ch Net Amateur Gr-B Vor2"]
[Site "Playchess.com INT"]
[Date "2020.04.15"]
[Round "4"]
[White "Matthes, Benjamin"]
[Black "Matthies, Alexander"]
[Result "1-0"]
[WhiteElo "1620"]
[BlackElo "1442"]
[PlyCount "87"]
[EventDate "2020.04.15"]
[EventType "swiss (blitz)"]
[EventRounds "9"]
[EventCountry "GER"]
[SourceTitle "CBM 196 Extra"]
[Source "ChessBase"]
[SourceDate "2020.07.31"]
[SourceVersion "1"]
[SourceVersionDate "2020.07.31"]
[SourceQuality "1"]

1. e4 c5 2. Nf3 d6 3. Bb5+ Bd7 4. Bxd7+ Nxd7 5. 0-0 Ngf6 6. Re1 g6 7. c3 Bg7 8. d4 cxd4 9. cxd4 Nb6 10. Nc3 0-0 11. h3 Rc8 12. Be3 e6 13. a4 d5 14. e5 Nfd7 15. Qd2 Nc4 16. Qd3 Nxe3 17. Qxe3 Nb6 18. Nb5 Nc4 19. Qb3 a6 20. Nc3 Qc7 21. Rad1 Rfd8 22. Nd2 Bf8 23. Nxc4 Qxc4 24. Qxb7 Bb4 25. Re3 Rb8 26. Qa7 Ra8 27. Qb6 Rdb8 28. a5 Rxb6 29. axb6 Rb8 30. b3 Qxb3 31. Rb1 Qa3 32. Nxd5 Qa2 33. Nf6+ Kg7 34. Rxb4 Qa4 35. Rxa4 Rxb6 36. Rea3 Rb1+ 37. Kh2 Rb2 38. Rxa6 Rxf2 39. Rf3 Rd2 40. Ra7 Rxd4 41. Ng4 Rc4 42. Rfxf7+ Kg8 43. Nf6+ Kh8 44. Rxh7# 1-0

[Event "GER-ch Net Amateur Gr-B Vor2"]
[Site "Playchess.com INT"]
[Date "2020.04.15"]
[Round "1"]
[White "Matthes, Benjamin"]
[Black "Ochmann, Reimund"]
[Result "0-1"]
[WhiteElo "1620"]
[BlackElo "1997"]
[PlyCount "126"]
[EventDate "2020.04.15"]
[EventType "swiss (blitz)"]
[EventRounds "9"]
[EventCountry "GER"]
[SourceTitle "CBM 196 Extra"]
[Source "ChessBase"]
[SourceDate "2020.07.31"]
[SourceVersion "1"]
[SourceVersionDate "2020.07.31"]
[SourceQuality "1"]

1. e4 e5 2. Nf3 Nc6 3. d4 exd4 4. Nxd4 Bc5 5. Be3 Qf6 6. Nb5 Bxe3 7. fxe3 Kd8 8. N1c3 Nge7 9. Qd2 a6 10. Nd4 d6 11. 0-0-0 Be6 12. Nxe6+ Qxe6 13. Be2 Ne5 14. Nd5 Nxd5 15. Qxd5 Qxd5 16. exd5 Re8 17. Rhf1 f6 18. Bh5 Re7 19. e4 Kd7 20. Bf3 Rf8 21. Rd4 Kc8 22. Rb4 Kb8 23. Rd1 g5 24. h3 f5 25. exf5 Rxf5 26. Rb3 Ref7 27. Re3 Nxf3 28. gxf3 Rxf3 29. Rde1 Ka7 30. Kd2 Kb6 31. b3 Kc5 32. c4 Kd4 33. Re4+ Kc5 34. R4e3 Rxe3 35. Rxe3 Kd4 36. Rd3+ Kc5 37. Rg3 h6 38. a3 Rf4 39. Kc3 b5 40. cxb5 axb5 41. Re3 Kxd5 42. Re7 c5 43. Re3 Kc6 44. Rd3 d5 45. Rg3 d4+ 46. Kd3 Kd5 47. b4 c4+ 48. Kd2 Ke4 49. a4 Rf2+ 50. Ke1 Rb2 51. axb5 Rxb4 52. Rg4+ Kd5 53. h4 gxh4 54. Rxh4 Rxb5 55. Rh5+ Kc6 56. Rxh6+ Kc5 57. Rh4 Kb4 58. Rxd4 Kb3 59. Kd2 c3+ 60. Kc1 Rf5 61. Rd1 Ra5 62. Kb1 c2+ 63. Kc1 Ra1+ 0-1

[Event "GER-ch Net Amateur Gr-B Vor2"]
[Site "Playchess.com INT"]
[Date "2020.04.15"]
[Round "7"]
[White "Matthes, Benjamin"]
[Black "Radi, Guenter"]
[Result "1-0"]
[WhiteElo "1620"]
[BlackElo "1416"]
[PlyCount "59"]
[EventDate "2020.04.15"]
[EventType "swiss (blitz)"]
[EventRounds "9"]
[EventCountry "GER"]
[SourceTitle "CBM 196 Extra"]
[Source "ChessBase"]
[SourceDate "2020.07.31"]
[SourceVersion "1"]
[SourceVersionDate "2020.07.31"]
[SourceQuality "1"]

1. e4 e6 2. Nf3 d5 3. e5 c5 4. b4 cxb4 5. a3 Nc6 6. axb4 Bxb4 7. c3 Bc5 8. d4 Bb6 9. Bd3 Nge7 10. 0-0 Ng6 11. Na3 Ba5 12. Nb5 0-0 13. h4 a6 14. h5 Nge7 15. Nd6 Bxc3 16. Rb1 b5 17. Bxh7+ Kh8 18. Bc2 b4 19. Qd3 g6 20. Bh6 Nf5 21. Bxf8 Qxf8 22. Nxf5 gxf5 23. Ng5 Nxd4 24. h6 Nxc2 25. Qxc2 f6 26. exf6 Qxf6 27. Qc1 d4 28. Qf4 Bb7 29. Qc7 Be4 30. Nf7+ 1-0

[Event "GER-ch Net Amateur Gr-B Vor2"]
[Site "Playchess.com INT"]
[Date "2020.04.15"]
[Round "2"]
[White "Matthes, Benjamin"]
[Black "Vassiliou, Leander"]
[Result "1-0"]
[WhiteElo "1620"]
[BlackElo "1289"]
[PlyCount "65"]
[EventDate "2020.04.15"]
[EventType "swiss (blitz)"]
[EventRounds "9"]
[EventCountry "GER"]
[SourceTitle "CBM 196 Extra"]
[Source "ChessBase"]
[SourceDate "2020.07.31"]
[SourceVersion "1"]
[SourceVersionDate "2020.07.31"]
[SourceQuality "1"]

1. e4 c5 2. Nc3 e6 3. g3 d5 4. exd5 exd5 5. Bg2 Nf6 6. Nf3 Be6 7. 0-0 Bd6 8. Ng5 0-0 9. Re1 Qd7 10. Nxe6 fxe6 11. d4 c4 12. Bg5 Be7 13. Bxf6 Bxf6 14. Rxe6 b5 15. Bxd5 Kh8 16. a3 Qc7 17. Bxa8 Nd7 18. Qe1 Bxd4 19. Re8 Qc5 20. Rxf8+ Nxf8 21. Qe2 Bxc3 22. bxc3 Qc8 23. Bg2 Qf5 24. Re1 h6 25. Qe4 Qf6 26. Qe7 Qxc3 27. Qxf8+ Kh7 28. Be4+ g6 29. Qf7+ Kh8 30. Qe8+ Kg7 31. Qxg6+ Kf8 32. Qxh6+ Kg8 33. Bd5# 1-0